Statistics, public debate and the state, 1800-1945 a social, political and intellectual history of numbers (Registro nro. 166160)
[ vista simple ]
| 000 -ENCABEZADO | |
|---|---|
| Número de control [NR] | 01150nam a22002657a 4500 |
| 005 - FECHA Y HORA DE LA ÚLTIMA TRANSACCIÓN | |
| control field | 20240826132031.0 |
| 008 - DE LONGITUD FIJA DE DATOS DE ELEMENTOS - INFORMACIÓN GENERAL | |
| Elementos de longitud fija [NR] | 130821s2012 enka gr eng |
| 020 ## - NUMERO INTERNACIONAL NORMALIZADO PARA LIBROS [R] | |
| Número Internacional Normalizado del libro [NR] | 9781848932968 |
| 040 ## - FUENTE DE CATALOGACION [NR] | |
| Agencia de catalogación original [NR] | CO-BoUCM |
| Quien Cataloga | Jose A. Gerena (modificó) |
| Idioma de catalogación [NR] | spa |
| Quien Clasifica | David Moreno (modificó) |
| 041 00 - CODIGO DE IDIOMA [R] | |
| Código de idioma para texto/pista de sonido o título separado [R] | Inglés |
| 100 1# - ASIENTO PRINCIPAL--NOMBRE PERSONAL [NR] | |
| Nombre personal [NR] | Prévost, Jean-Guy |
| Fechas asociadas con el nombre [NR] | 1955- |
| ID Autoridad | 36010 |
| 245 10 - MENCION DE TITULO [NR] | |
| Título [NR] | Statistics, public debate and the state, 1800-1945 a social, political and intellectual history of numbers |
| Mención de responsabilidad, etc. [NR] | por Jean-Guy Prévost y Jean-Pierre Beaud |
| 260 ## - PUBLICACION, DISTRIBUCION, ETC. (PIE DE IMPRENTA) [R] | |
| Lugar de publicación, distribución, etc. [R] | London Brookfield, Vt. |
| Nombre del editor, distribuidor, etc. [R] | Pickering & Chatto |
| Fecha de publicación, distribución, etc. [R] | 2012 |
| 300 ## - DESCRIPCION FISICA [R] | |
| Extensión [R] | x, 233 páginas |
| Otros detalles físicos [NR] | gráficas |
| 490 0# - MENCION DE SERIE [R] | |
| Mención de serie [R] | Studies for the International Society for Cultural History |
| Designación numérica/secuencial del volumen [NR] | 1 |
| 504 ## - NOTA DE BIBLIOGRAFIA, ETC. [R] | |
| Nota de bibliografía, etc. [NR] | Incluye referencias bibliográficas e índices |
| 650 #0 - ASIENTO SECUNDARIO DE MATERIA - TERMINO TEMATICO [R] | |
| Término temático o nombre geográfico como elemento de entrada [NR] | Estadisticas |
| Subdivisión general [R] | Aspectos políticos |
| 9 (RLIN) | 36014 |
| 650 #0 - ASIENTO SECUNDARIO DE MATERIA - TERMINO TEMATICO [R] | |
| Término temático o nombre geográfico como elemento de entrada [NR] | Estadísticas |
| Subdivisión general [R] | Aspectos sociales |
| 9 (RLIN) | 36013 |
| 650 #0 - ASIENTO SECUNDARIO DE MATERIA - TERMINO TEMATICO [R] | |
| Término temático o nombre geográfico como elemento de entrada [NR] | Estadísticas |
| Subdivisión general [R] | Historia |
| Subdivisión cronológica [R] | Siglo XIX |
| 9 (RLIN) | 15002 |
| 650 #0 - ASIENTO SECUNDARIO DE MATERIA - TERMINO TEMATICO [R] | |
| Término temático o nombre geográfico como elemento de entrada [NR] | Estadísticas |
| Subdivisión general [R] | Historia |
| Subdivisión cronológica [R] | Siglo XIX |
| 9 (RLIN) | 36012 |
| 690 ## - ASUNTO AGREGADO LOCAL DE ENTRADA - TÉRMINO TEMÁTICO (OCLC, RLIN) | |
| Acceso temático local | Sociología |
| 9 (RLIN) | 386 |
| 700 1# - ASIENTO SECUNDARIO - NOMBRE PERSONAL [R] | |
| Nombre personal [NR] | Beaud, Jean-Pierre |
| Fechas asociadas con el nombre [NR] | 1950- |
| 9 (RLIN) | 36015 |
| 942 ## - ELEMENTOS DE ENTRADA AGREGADOS (KOHA) | |
| Tipo de ítem principal el descrito en 300a | Libro |
| Tema principal | Economía |
| Edición | 1 |
| Parte restante de la signatura top. | P944s |
| Sistema de clasificación | DEWEY |
| Clasificación | 519.2 |
| Título oculto en OPAC | No |
| Signatura topográfica | Código de barras | Última vez visto | Ejemplar | Costo de reposición | Price effective from | Tipo de ítem | Perdido | Sistema de clasificación | Dañado | No prestable | Tipo de ítem específico | Suprimido | Ubicación habitual | Ubicación actual | Localización | Fecha de creación | Proveedor | Forma de adquisición | Costo |
|---|---|---|---|---|---|---|---|---|---|---|---|---|---|---|---|---|---|---|---|
| 519.2 P944s | 100144923 | 04/12/2025 | Ej.1 | 198825.00 | 04/02/2015 | Libro | DEWEY | Libro | Claustro | Claustro | 4to piso | 04/02/2015 | 15 | Compra | 197899.00 |